<?xml version="1.0" encoding="UTF-8"?>
<record
    xmlns:xsi="http://www.w3.org/2001/XMLSchema-instance"
    xsi:schemaLocation="http://www.loc.gov/MARC21/slim http://www.loc.gov/standards/marcxml/schema/MARC21slim.xsd"
    xmlns="http://www.loc.gov/MARC21/slim">

  <leader>02507nam a2200337 a 4500</leader>
  <controlfield tag="001">121435</controlfield>
  <controlfield tag="003">FlNmELB</controlfield>
  <controlfield tag="005">20241217175335.0</controlfield>
  <controlfield tag="006">m     o  d |      </controlfield>
  <controlfield tag="007">cr cn|||||||||</controlfield>
  <controlfield tag="008">201212r2008    ec |||||s|||||||||||spa d</controlfield>
  <datafield tag="035" ind1=" " ind2=" ">
    <subfield code="a">(MiAaPQ)EBC3200312</subfield>
  </datafield>
  <datafield tag="035" ind1=" " ind2=" ">
    <subfield code="a">(Au-PeEL)EBL3200312</subfield>
  </datafield>
  <datafield tag="035" ind1=" " ind2=" ">
    <subfield code="a">(CaPaEBR)ebr10576882</subfield>
  </datafield>
  <datafield tag="035" ind1=" " ind2=" ">
    <subfield code="a">(OCoLC)929384126</subfield>
  </datafield>
  <datafield tag="040" ind1=" " ind2=" ">
    <subfield code="a">FlNmELB</subfield>
    <subfield code="b">spa</subfield>
    <subfield code="c">FlNmELB</subfield>
  </datafield>
  <datafield tag="050" ind1=" " ind2="4">
    <subfield code="a">TN870</subfield>
    <subfield code="b">P818 2008</subfield>
  </datafield>
  <datafield tag="082" ind1="0" ind2="4">
    <subfield code="a">665.5</subfield>
    <subfield code="2">22</subfield>
  </datafield>
  <datafield tag="100" ind1="1" ind2=" ">
    <subfield code="a">Pont&#xF3;n Tomaselli, Diego.</subfield>
  </datafield>
  <datafield tag="245" ind1="1" ind2="0">
    <subfield code="a">An&#xE1;lisis t&#xE9;cnico-econ&#xF3;mico y dise&#xF1;o de estimulaciones matriciales para incrementar la productividad del campo Sacha en petroproducci&#xF3;n</subfield>
    <subfield code="h">[recurso electronico] /</subfield>
    <subfield code="c">Diego Pont&#xF3;n Tomaselli, Iliana Pambabay Calero.</subfield>
  </datafield>
  <datafield tag="260" ind1=" " ind2=" ">
    <subfield code="a">Guayaquil, Ecuador :</subfield>
    <subfield code="b">Escuela Superior Polit&#xE9;cnica del Litoral,</subfield>
    <subfield code="c">2008.</subfield>
  </datafield>
  <datafield tag="300" ind1=" " ind2=" ">
    <subfield code="a">258 p.</subfield>
  </datafield>
  <datafield tag="520" ind1=" " ind2=" ">
    <subfield code="a">El presente trabajo es un An&#xE1;lisis y Dise&#xF1;o de estimulaciones &#xE1;cidas realizadas en las diferentes arenas productoras del campo Sacha operado por Petroproducci&#xF3;n. La estimulaci&#xF3;n matricial de pozos es una de las actividades m&#xE1;s importante en el mantenimiento de la producci&#xF3;n de los pozos petroleros. Para que este tipo de estimulaci&#xF3;n resulte eficaz, depende b&#xE1;sicamente de la determinaci&#xF3;n del da&#xF1;o, de un buen an&#xE1;lisis nodal a trav&#xE9;s de pruebas de laboratorio, de una prueba de compatibilidad de los fluidos y por ende la selecci&#xF3;n de los pozos candidatos, hasta el dise&#xF1;o y ejecuci&#xF3;n del tratamiento. Para realizar un adecuado an&#xE1;lisis y dise&#xF1;o de estimulaci&#xF3;n matricial, este trabajo muestra fundamentos te&#xF3;ricos y t&#xE9;cnicos, selecci&#xF3;n de pozos y an&#xE1;lisis econ&#xF3;micos; encasillados en seis cap&#xED;tulos, de los cuales: El primer capitulo contiene una introducci&#xF3;n a los aspectos te&#xF3;ricos involucrados en la Descripci&#xF3;n del campo Sacha, estratigraf&#xED;a y ambiente del dep&#xF3;sito, descripci&#xF3;n del yacimiento donde se especifica las diferentes arenas productoras del campo, as&#xED; como tambi&#xE9;n las caracter&#xED;sticas de los fluidos y presiones del campo y sus mecanismos de empuje.</subfield>
  </datafield>
  <datafield tag="533" ind1=" " ind2=" ">
    <subfield code="a">Recurso electr&#xF3;nico. Santa Fe, Arg.: e-libro, 2015. Disponible v&#xED;a World Wide Web. El acceso puede estar limitado para las bibliotecas afiliadas a e-libro.</subfield>
  </datafield>
  <datafield tag="650" ind1=" " ind2="4">
    <subfield code="a">Petroproducci&#xF3;n.</subfield>
  </datafield>
  <datafield tag="650" ind1=" " ind2="0">
    <subfield code="a">Petroleum engineering.</subfield>
  </datafield>
  <datafield tag="655" ind1=" " ind2="4">
    <subfield code="a">Libros electr&#xF3;nicos.</subfield>
  </datafield>
  <datafield tag="700" ind1="1" ind2=" ">
    <subfield code="a">Pambabay Calero, Iliana.</subfield>
  </datafield>
  <datafield tag="710" ind1="2" ind2=" ">
    <subfield code="a">e-libro, Corp.</subfield>
  </datafield>
  <datafield tag="856" ind1="4" ind2="0">
    <subfield code="u">https://elibro.net/ereader/politecnicointernacional/85699</subfield>
  </datafield>
  <datafield tag="999" ind1=" " ind2=" ">
    <subfield code="c">121435</subfield>
    <subfield code="d">121435</subfield>
  </datafield>
</record>
